000 00594nam a2200241Ia 4500
003 OSt
005 20221005121317.0
006 a|||||r|||| 00| 0
007 ta
008 221004b |||||||| |||| 00| 0 mar d
024 _a40976
037 _cTextual
040 _aCRL
_cCRL
_bmar
041 _2mar
_amar
082 _aP156, 155K1
100 _aMehta N.G. Au.
_9630366
245 0 _aGujrati Marathi Sikhashak
260 _c1961
300 _a207p.
_ccm.
650 _aLINGUISTICS
942 _hP156, 155K1
_cTEXL
_2cc
999 _c1040718
_d1040718